000 00717nam a2200241Ia 4500
003 OSt
005 20220923231022.0
006 a|||||r|||| 00| 0
007 ta
008 220922b |||||||| |||| 00| 0 hin d
024 _a353,872
037 _cTextual
040 _aARTS
_cARTS
_bhin
041 _2hin
_ahin
082 _aO152,1M86x, J6
100 _aगुप्त, मैथलीशरण, ले.
245 0 _aकोश
246 _aKosha
260 _aझांसी
_b साहित्य सदन
_c1956
650 _aहिन्दी कविता
942 _hO152,1M86x, J6
_cTEXL
_2CC
999 _c388808
_d388808